000 00337nam a2200145Ia 4500
008 150201s2008 xx 000 0 und d
082 _a617.3
_bO08K
100 _aKOVAL , KENNETH
245 _aORTHOPAEDIC KNOWLEDGE
250 _a7TH
260 _bJAYPEE
_aINDIA
_c2008
300 _a1-738
650 _aORTHOPEDICS
942 _2ddc
_cBK
_01
999 _c1470
_d1470